Statistics for Answers Contain Mother

Click here to take the quiz!

General Stats

  • This quiz has been taken 25,852 times
    (10,573 since last reset)
  • The average score is 12 of 18

Answer Stats

ClueAnswer% Correct
The second Sunday in May
(in the US)
Mother's Day
96%
Kolkata nun and
1979 Peace Price winner
Mother Teresa
95%
One's native languageMother Tongue
91%
Cinderella had an evil oneStepmother
90%
Main circuit board of a computerMotherboard
87%
The main alien spacecraftMothership
85%
Gaia, by another nameMother Earth
72%
British royal who died in 2002Queen Mother
68%
Comes to me speaking words
of wisdom, let it be
Mother Mary
66%
Went to the cupboard, to give
the poor dog a bone
Mother Hubbard
62%
Necessity is the …Mother of Invention
58%
Rich vein of precious oreMother Lode
57%
Fairy tale authorMother Goose
52%
One of Daenerys Targaryen's
many nicknames
Mother of Dragons
50%
Leader of a nunneryMother Superior
47%
Inner shell layer of some molluscsMother of Pearl
43%
Small apartment carved out of a
single-family house
Mother-in-Law
32%
Enemy of BeowulfGrendel's Mother
23%

Score Distribution

Percentile by Number Answered

Percent of People with Each Score

Your Score History

You have not taken this quiz since the last reset